000 00577nam a22002297a 4500
003 UA-OsUOA
001 133274
007 ta
008 20181012b un ||||| |||| 00| 0 ukr d
100 _aФедоров Н. Ф.
090 _a140.8
_bФ33
942 _cBK
040 _aUA-OsUOA
_brus
_cUA-OsUOA
_dUA-OsUOA
245 _aСочинения
_cобщ. ред.: А. В. Гулыка
300 _a711 с.
955 _a1
041 _arus
080 _a140.8
260 _aМ.
_bМысль
_c1982
650 7 _a1 Філософські науки
_2UDC
999 _c421979
_d421979